000 02120cam a22004934i 4500
003 PE-LiUPU
005 20250731184552.0
008 150616s r 000 0 d
035 _a(Sirsi) a3441
040 _aPE-LiUPU
_bspa
_cPE-LiUPU
_erda
049 _aPRUA
082 0 4 _a985.04
_bC731974
_221
110 2 _aComisión Nacional del Sesquicentenario de la Independenia del Perú
245 1 3 _aLa independencia nacional :
_bconferencia dictada por encargo de la Comisión Nacional del Sesquicentenario de la Independencia del Perú.
264 1 _aLima :
_bCNSIP,
_c1974.
300 _a143 páginas ;
_c24 cm.
336 _atext
_2rdacontent
337 _aunmediated
_2rdamedia
338 _avolume
_2rdacarrier
500 _a"Tercer ciclo".
504 _aIncluye referencias bibliográficas.
505 0 _aPalabras de inauguración del ciclo -- Primer congreso constituyente y Junta gubernativa -- Fuentes para el estudio de la biografía del Libertador Simón Bolívar -- Bolívar en la literatura peruana de creación -- Unidad hispanoamericana -- Guerrillas y montoneras de la emancipación en la historiografía peruana -- Integración -- Dictadura de Bolívar y preparación de la campaña -- Bolívar: campaña 1824 -- Palabras de clausura.
526 _aP136
526 _aP135
526 _aP134
526 _aP133
526 _aP144
526 _aP143
526 _aP87
526 _aP35
526 _aP20
526 _aP14
526 _aP10
526 _aP06
600 1 _aBolívar, Simón,
_d1783-1830
651 _aPerú
_xHistoria
_yEmancipación, 1808-1824
_vAniversarios, etc.
910 _ajck
_bjvq
_cjck
942 _2ddc
_cBOOK
949 _a985.04 C73 1974
_wDEWEY
_c1
_i17070
_lCCODEBUL1
_mBUL
_p00.00
_r0
_sY
_tBOOK
_u19790817
_xEDUCACION
_PP20
_0COMPRA
_o.STAFF. Colección General
994 _aC0
_bPEPRU
596 _a1
999 _a985.04 C73 1974
_wDEWEY
_c42263
_i17070
_f2021-11-8
_g5
_lCCODEBUL1
_mBUL
_r0
_sY
_tBOOK
_u2015-6-16
_xBIBLIOTECA
_PP20
_0COMPRA
_o.STAFF. Colección General
_d42263
980 _81
_gALBERTO SANCHEZ Responsable de Automatización